00554nam a2200157Ia 4500008004100000020001500041041000800056082001900064245009100083250000600174260003200180300001200212650002500224999001900249952012800268210716s2005 xx 000 0 und d a0749444444 aeng a174.9658 INTE aHandbook of international corporate governance: a definitive guide.bDefinitive guide. a1 aNew DelhibKogan Pagec2005 axxi,506 aCorporate Governance c207768d207768 001040708MBAaAIMITbAIMITd2012-12-18g695.00l0o174.9658 INTEpMBA10334r2026-05-23 00:00:00v521.25w2021-07-16yBK